Botticelli

Guardat en:
Dades bibliogràfiques
Autor principal: Boskovits, Miklós (Autor)
Format: Llibre
Idioma:alemany
Publicat: Leipzig Veb E. A. Seemann 1964
Matèries:
Etiquetes: Afegir etiqueta
Sense etiquetes, Sigues el primer a etiquetar aquest registre!

MARC

LEADER 00000nam a2200000 a 4500
001 UCT4724
003 CL-VaPUC
008 961122e19640000GW |||||||||||||||||ger|d
082 0 4 |a 759.03  |b BOS  |2 21 
100 0 |a Boskovits, Miklós  |e author  |9 373968 
245 1 0 |a Botticelli 
300 |a 95 p 
942 |c BK 
945 |d 19961122 00:00:00  |a rleighto 
260 |a Leipzig  |b Veb E. A. Seemann  |c 1964 
650 0 |a Pintura italiana  |9 265293 
650 0 |a Pintores italianos  |9 265277 
650 0 |a Obras de arte  |9 337253 
583 |a last modification  |c 19961122 00:00:00  |k Rodrigo Vera 
999 |c 253901  |d 253899 
952 |0 0  |1 0  |4 0  |6 759_030000000000000_BOS_1964  |7 0  |8 P  |9 275070  |a BIBARQ  |b BIBARQ  |d 2019-11-19  |i 3251950  |o 759.03 BOS 1964  |p 3251950  |r 2025-01-20  |w 2019-11-19  |y BK  |k ARQ